| 000 | 00435cam a2200169ua 4500 | ||
|---|---|---|---|
| 020 | _c2.50 | ||
| 041 |
_amal _h |
||
| 082 |
_a894.8124 _bNAR/PR |
||
| 100 | _aNarayana Menon, Vallathol. | ||
| 245 |
_aPrasanga vediyil / _cVallathol Narayana Menon. _hTextual Documents |
||
| 260 |
_aCheruthuruthy : _bVallathol Granthalayam , _c1964. |
||
| 300 | _a150 ; . | ||
| 365 | _a2.50 | ||
| 504 | _a | ||
| 942 | _cBK | ||
| 999 |
_c5842 _d5842 |
||